000 00476nam a22001817a 4500
003 MPLRDC
005 20220104114103.0
008 210129b ||||| |||| 00| 0 eng d
020 _a7-80546-172-4
082 _a859.9 SQ v.2
100 _a刍行编著; 丁金界、刘丹、胡琳插图
245 _a少儿唐诗一百首
_c
250 _a一版五刷
260 _a
_b三秦出版社
_c1992
300 _b
650 _a儿童知识; 学习
942 _cBK
_o859.9 SQ v.2
999 _c4715
_d4705